|
|
|
|
| LEADER |
00000cam a2200000 7i4500 |
| 001 |
0000016022 |
| 005 |
20080418.0 |
| 008 |
180408 |
| 020 |
|
|
|a 9831973887
|
| 090 |
0 |
0 |
|a 636.50896
|b FAK
|
| 245 |
1 |
0 |
|a Aneka penyakit pada ayam dan cara mengatasinya
|c Fakhruddin Amin
|
| 260 |
|
|
|a Kuala Lumpur :
|b Synergy Media
|
| 440 |
|
0 |
|a Cara praktikal mengatasi permasalahan
|
| 650 |
|
0 |
|a Chickens
|x Dieases
|
| 650 |
|
0 |
|a Chickens
|x Health
|
| 650 |
|
0 |
|a Poultry
|x Dieases
|
| 999 |
|
|
|a 0000934621
|b Book
|c Adult Collection
|e Cawangan Tangkak
|
| 999 |
|
|
|a 0000934622
|b Book
|c Adult Collection
|e Cawangan Tangkak
|
| 999 |
|
|
|a 0000934623
|b Book
|c Adult Collection
|e Cawangan Tangkak
|
| 999 |
|
|
|a 0000937208
|b Book
|c Adult Collection
|e Cawangan Bandar Tenggara
|
| 999 |
|
|
|a 0001015923
|b Book
|c Adult Collection
|e Cawangan Kota Tinggi
|
| 999 |
|
|
|a 0001015924
|b Book
|c Adult Collection
|e Perbadanan Perpustakaan Awam Johor
|
| 999 |
|
|
|a 0001015925
|b Book
|c Adult Collection
|e Cawangan Tangkak
|
| 999 |
|
|
|a 0001015926
|b Book
|c Adult Collection
|e Perbadanan Perpustakaan Awam Johor
|
| 999 |
|
|
|a 0001070923
|b Book
|c Adult Collection
|e Cawangan Tangkak
|
| 999 |
|
|
|a 0001071019
|b Book
|c Adult Collection
|e Cawangan Taman Sri Lambak
|
| 999 |
|
|
|a 0001071022
|b Book
|c Adult Collection
|e Cawangan Pontian
|
| 999 |
|
|
|a 0001071023
|b Book
|c Adult Collection
|e Cawangan Bandar Penawar
|
| 999 |
|
|
|a 0001071024
|b Book
|c Adult Collection
|e Cawangan Bandar Tenggara
|
| 999 |
|
|
|a 0001071103
|b Book
|c Adult Collection
|e Cawangan Tmn. Ungku Tun Aminah
|
| 999 |
|
|
|a 0001071104
|b Book
|c Adult Collection
|e Cawangan Tangkak
|
| 999 |
|
|
|a 0001071105
|b Book
|c Adult Collection
|e Cawangan Bukit Gambir
|